LEADER 01630nam a2200301 4500 001 000000340760 003 CaOOAMICUS 005 20200625155940.0 008 200625s1714 it 000 u ita r 026 $ae.o. ilne taa, Etrtr (3) 1714 (Q) 040 $aSeMil$bita 110 21$aConfraternita dei SS. Gottardo e Biagio in S. Caterina .$0(OLS)http://semarc/name/111602 245 00$aCapitoli da osservarsi dalla ven. Confraternità de SS. Gottardo e Biaggio nella Chiesa di S. Catterina al Ponte de Fabri per li funerali delli di lei confratelli, sì presenti, come futuri, ... 264 1$aIn Milano :$bnella Stampa di Federico Bianchi,$c[1741] 300 $a20 p. ;$c4° 500 $aImmagine xilogr. a piena pagina (insegna della confraternita) sul v. del front. 500 $aVignetta xilogr. sul front. 500 $aData di pubblicazione presunta a c. [a]10r. 500 $aSegn.: [a]10 650 4$aCongregazioni e confraternite religiose - Milano - Sec. 16.-18.$0(OLS)http://semarc/subject/49109 700 1 $aBianchi, Federico,$c.$0(OLS)http://semarc/name/111393 752 $aIT$dMilano 850 $aSeMil 852 $aSeMil$W1$xVenegono$y1$m3Z V 13/7 FA$j219572$B231788$CSeMilBibl$Z2$F231788 $8I 941 1 $a10 996 $6245$aCapitoli da osservarsi dalla ven. Confraternità de SS. Gottardo e Biaggio nella Chiesa di S. Catterina al Ponte de Fabri per li funerali delli di lei confratelli, sì presenti, come futuri, ...$9(OLS)http://semarc/title/429848 996 $6264$aIn Milano :$bnella Stampa di Federico Bianchi$9(OLS)http://semarc/publisher/59049 LEADER 01209nas a2200289 i 4500 001 000000240318 003 CaOOAMICUS 005 20160428000000.0 008 150326b2015 xxuuu u0 0eng r 013 $a219223 040 $aSeMil$bita 245 10$a[2015]. 260 $aChicago :$bDePaul University,$ccopyr. 2015. 260 $aCharlottesville (Virginia) :$bPhilosophy Documentation Center,$ccopyr. 2015. 300 $a758 p. ;$c23 cm. 500 $aArticoli con sintesi in inglese [Abstract] in testa. 773 0 $tPhilosophy Today.$dCarthagena (Ohio) : Messenger Press, 1957.$x0031-8256$w()2613 774 0 $tWinter.$w()285631 774 0 $tSpring.$w()287627 774 0 $tSummer.$w()288088 774 0 $tEmergency of Philosophy. - Titolo principale dalla copertina.$w()288514 850 $aSeMil 852 $aSeMil$W1$xVenegono$y1$m16 6 74$j190664$B190664$CSeMilBibl$Z2$F210811 $85 961 $aAbbonamento: Casalini 996 $6245$a[2015]$9(OLS)http://semarc/title/339065 996 $6260$aCharlottesville (Virginia) :$bPhilosophy Documentation Center$9(OLS)http://semarc/publisher/44167 996 $6260$aChicago :$bDePaul University$9(OLS)http://semarc/publisher/29833